| 000 | 00860 a2200277 4500 | ||
|---|---|---|---|
| 003 | CBULib | ||
| 005 | 20250227123427.0 | ||
| 008 | 241101b |||||||| |||| 00| 0 eng d | ||
| 020 | _a9783527311309 | ||
| 040 |
_bEnglish _cCBULib _erda |
||
| 041 | _aeng | ||
| 050 | _aQP 551 Pro | ||
| 100 |
_aMayer, John R. _eeditor |
||
| 245 |
_aProtein degradation : the ubiquitin-proteasome system. Volume 2 _c/ by R.J. Mayer; A. Ciechanover and M. Rechsteiner |
||
| 260 |
_bWiley-VCH, _c2006 _aNottingham : |
||
| 300 | _axiv, 286 pages : illustrations | ||
| 336 |
_2rdacontent _aText | _btxt |
||
| 337 |
_2rdamedia _aUnmediated | _bn |
||
| 338 |
_2rdacarrier _aVolume _bnc |
||
| 650 | 0 |
_93938 _aPROTEINS |
|
| 650 | 0 |
_93939 _aUBIQUITIN |
|
| 650 | 0 |
_93944 _aCELL PHYSIOLOGY |
|
| 700 |
_93945 _aCiechanover, A |
||
| 700 |
_93946 _aRechsteiner, M. |
||
| 942 |
_2lcc _c002 |
||
| 999 |
_c85734 _d85734 |
||